00510nam a2200169Ia 450000500170000000800410001704000190005804100120007708200140008910000170010324501280012026000310024830000100027965000180028970000230030785000100033020240807112838.0131103s9999 xx 000 0 und d aLoreto College aEnglish a822NbCON aScovel, Myra aConfrontedb discussion starters on faith and justice - and on India cMyra Scovel, Gordon C. Bennett & Mae Hurley Ashworth aNew yorkbFriendshipc1972 a47p.  aEnglish drama aBennett, Gordon C. aLCBED